00508nam a2200169 a 450000500170000000800410001702000180005805000240007610000200010024500620012025000180018226000470020030000140024744000320026165000130029365000320030620140414132127.0130204s19uu xx 00 eng d a9780328470334 aTR 372.4bF716 2011 aForesman, Scott aFirst stop on reading street Grade4 : Unit 1 voulume 2/. aInternational aUnited States :bPearson Education,c2011. aiii, 520p aMy Teaching Library Package aReading. aReading-study and teaching.